| 000 | 00663nam a2200229Ia 4500 | ||
|---|---|---|---|
| 001 | 3246 | ||
| 003 | GE_BSU | ||
| 008 | 181216s||||||||xx |||||||||||||| ||und|| | ||
| 040 | _cGE_BSU | ||
| 080 | _a621.876. | ||
| 100 | _aАлександров М.П. | ||
| 245 | _aПодъёмно-транспортные машины. | ||
| 245 | _bУчебник для вузов. | ||
| 245 | _cРед. З.Г. Овсянникова. | ||
| 250 | _aИзд. 4-е. | ||
| 260 | _aМ. | ||
| 260 | _bВысшая школа. | ||
| 260 | _c1972. | ||
| 300 | _a504стр.22см.с илл. | ||
| 653 | _aПодъёмно-транспортные машины. | ||
| 942 | _cBK | ||
| 999 |
_c37287 _d37287 |
||